Mujer y participación social: hacia la concertación de géneros en el cooperativismo centroamericano /

Сохранить в:
Библиографические подробности
Главный автор: García, Ana Isabel
Корпоративные авторы: Confederación de Cooperativas del Caribe y Centroamérica, CCC-CA
Другие авторы: ed.
Формат: Текст
Опубликовано: San José: CCC-CA
Предметы:
Метки: Добавить метку
Нет меток, Требуется 1-ая метка записи!

MARC

LEADER 00000 a a2200000 04500
001 26050
003
040
020 |a 9977-82-010-4  
090 |a 147105  
100 |a García, Ana Isabel  
110 |a Confederación de Cooperativas del Caribe y Centroamérica  
245 |a Mujer y participación social: hacia la concertación de géneros en el cooperativismo centroamericano /  |c Confederación de Cooperativas del Caribe y Centroamérica  
260 |a San José:   |b CCC-CA  
300 |a 267 p   |b **no definido**  
650 |a GENERO  
650 |a MOVIMIENTOS COOPERATIVOS  
650 |a MUJERES  
650 |a DESARROLLO ECONOMICO  
650 |a PARTICIPACION DE LA MUJER  
650 |a TOMA DE DECISIONES  
650 |a MUJERES  
650 |a COOPERATIVAS  
650 |a JEFAS DE HOGAR  
700 |a ed.  
710 |a CCC-CA  
999 |c 6690  |d 6690